000 01268nam2a22003251 4500
001 RU\NLR\A1SV\145282
005 20251214192758.0
035 _a(NLR Aleph) 011167474
090 _a13492548
_c13492548
100 _a20160623d1926 u y0rusy50 ca
101 0 _arus
135 _acrcn 024anaba
200 1 _a... на 1927 год
210 _aЛ.
_aМ.
_d[1926]
215 _a24 с.
300 _aЗагл. обл.: Каталог изд. "Радуга". Январь 1927
325 _aКопия доступна в Электрон. б-ке РНБ
461 1 _1001RU\NLR\A1SV\145280
_911749483
_a"Радуга", изд-во (Ленинград)
_cЛ.
_d[1924-1926]
_fИзд-во "Радуга"
_nРадуга
_tКаталог детских книг...
512 1 _aКаталог изд. "Радуга". Январь 1927
801 0 _aRU
_bNLR
_c20160623
852 _aNLR
856 0 _uhttps://vivaldi.nlr.ru/bx700000454/view
856 1 _uhttps://vivaldi.nlr.ru/bx700000454/cover
856 2 _uhttps://vivaldi.nlr.ru/bx700000454/text
942 _cBOOK
980 _aA1SV
980 _aNB
981 3 3 _a(33) Художественная литература
_b(33) Книги для детей